Tám vị vua triều Lý
Shranjeno v:
| Glavni avtor: | |
|---|---|
| Format: | Knjiga |
| Jezik: | English Vietnamese |
| Izdano: |
Tp. Hồ Chí Minh
Văn hóa thông tin
2010
|
| Teme: | |
| Oznake: |
Označite
Brez oznak, prvi označite!
|
| Thư viện lưu trữ: | Trung tâm Học liệu Lê Vũ Hùng, Trường Đại học Đồng Tháp |
|---|
| LEADER | 00737pam a22002418a 4500 | ||
|---|---|---|---|
| 001 | 00041643 | ||
| 008 | 170505s1996 ||||||engsd | ||
| 005 | 20180618100642.0 | ||
| 020 | # | # | |c 28000 |
| 041 | 0 | # | |a vie |
| 082 | 0 | 4 | |a 959.702 3 |b T104V |
| 100 | 1 | # | |a Vũ, Ngọc Khánh |
| 245 | 1 | 0 | |c Vũ Ngọc Khánh |a Tám vị vua triều Lý |
| 260 | # | # | |c 2010 |a Tp. Hồ Chí Minh |b Văn hóa thông tin |
| 300 | # | # | |a 168tr. |c 21 cm. |
| 653 | # | # | |a Lịch sử |
| 653 | # | # | |a Nhà Lý |
| 653 | # | # | |a Tiểu sử |
| 653 | # | # | |a Việt Nam |
| 653 | # | # | |a Vua |
| 852 | # | # | |j KM.0024937 |j KD.0023677 |
| 910 | # | # | |f 18/06/2018 |e dtchanh |d 18/06/2018 |
| 980 | # | # | |a Trung tâm Học liệu Lê Vũ Hùng, Trường Đại học Đồng Tháp |